Agile data warehousing project management : (Record no. 23299)
[ view plain ]
| 000 -LEADER | |
|---|---|
| fixed length control field | 01299cam a22002895a 4500 |
| 001 - CONTROL NUMBER | |
| control field | 17413161 |
| 005 - DATE AND TIME OF LATEST TRANSACTION | |
| control field | 20161123181545.0 |
| 008 - FIXED-LENGTH DATA ELEMENTS--GENERAL INFORMATION | |
| fixed length control field | 120802s2013 maua frb 001 0 eng d |
| 020 ## - INTERNATIONAL STANDARD BOOK NUMBER | |
| International Standard Book Number | 9780123964632 |
| 040 ## - CATALOGING SOURCE | |
| Original cataloging agency | DLC |
| Transcribing agency | DLC |
| Modifying agency | DLC |
| -- | EG-ScBUE |
| Language of cataloging | eng |
| 082 04 - DEWEY DECIMAL CLASSIFICATION NUMBER | |
| Classification number | 005.745 |
| Edition number | 22 |
| Item number | HUG |
| 100 1# - MAIN ENTRY--PERSONAL NAME | |
| Personal name | Hughes, Ralph, |
| Dates associated with a name | 1959- |
| 245 10 - TITLE STATEMENT | |
| Title | Agile data warehousing project management : |
| Remainder of title | business intelligence systems using Scrum / |
| Statement of responsibility, etc | Ralph Hughes. |
| 250 ## - EDITION STATEMENT | |
| Edition statement | 1st ed. |
| 260 ## - PUBLICATION, DISTRIBUTION, ETC. (IMPRINT) | |
| Place of publication, distribution, etc | Waltham : |
| Name of publisher, distributor, etc | Morgan Kaufmann / Elsevier, |
| Date of publication, distribution, etc | 2013. |
| 300 ## - PHYSICAL DESCRIPTION | |
| Extent | xxi, 356 p. : |
| Other physical details | ill. ; |
| Dimensions | 24 cm. |
| 500 ## - GENERAL NOTE | |
| General note | Index : p. 353-356. |
| 504 ## - BIBLIOGRAPHY, ETC. NOTE | |
| Bibliography, etc | Bibliography : p. 345-351. |
| 505 0# - FORMATTED CONTENTS NOTE | |
| Formatted contents note | What is agile data warehousing? -- Iterative development in a nutshell -- Streamlining project management -- Authoring better user stories -- Deriving initial project backlogs -- Developer stories for data integration -- Estimating and segmenting projects -- Adapting agile for data warehousing -- Starting and scaling agile data warehousing. |
| 650 #7 - SUBJECT ADDED ENTRY--TOPICAL TERM | |
| Topical term or geographic name as entry element | Data warehousing. |
| Source of heading or term | BUEsh |
| 9 (RLIN) | 11335 |
| 650 #7 - SUBJECT ADDED ENTRY--TOPICAL TERM | |
| Topical term or geographic name as entry element | Agile software development. |
| Source of heading or term | BUEsh |
| 9 (RLIN) | 4807 |
| 650 #7 - SUBJECT ADDED ENTRY--TOPICAL TERM | |
| Topical term or geographic name as entry element | Business intelligence |
| General subdivision | Data processing. |
| Source of heading or term | BUEsh |
| 9 (RLIN) | 30124 |
| 650 #0 - SUBJECT ADDED ENTRY--TOPICAL TERM | |
| Topical term or geographic name as entry element | Project management |
| Source of heading or term | BUEsh |
| 9 (RLIN) | 11664 |
| 651 ## - SUBJECT ADDED ENTRY--GEOGRAPHIC NAME | |
| Source of heading or term | BUEsh |
| 653 ## - INDEX TERM--UNCONTROLLED | |
| Resource For college | Informatics and Computer Science |
| Arrived date list | November2016 |
| 942 ## - ADDED ENTRY ELEMENTS (KOHA) | |
| Source of classification or shelving scheme | Dewey Decimal Classification |
| Withdrawn status | Item status | Source of classification or shelving scheme | Damaged status | Not for loan | Vendor | Home library | Current library | Shelving location | Date acquired | Source of acquisition | Cost, normal purchase price | Serial Enumeration / chronology | Total Checkouts | Full call number | Barcode | Date last seen | Date last borrowed | Cost, replacement price | Koha item type |
|---|---|---|---|---|---|---|---|---|---|---|---|---|---|---|---|---|---|---|---|
| Dewey Decimal Classification | Baccah | Central Library | Central Library | Lower Floor | 23/11/2016 | Purchase | 375.00 | 2000088 | 1 | 005.745 HUG | 000040001 | 15/07/2025 | 07/10/2023 | 468.75 | Book - Borrowing |